| 000 | 01666nam a2200481 i 4500 | ||
|---|---|---|---|
| 001 | 29629 | ||
| 003 | KOSZ 005 | ||
| 005 | 20200619085349.0 | ||
| 008 | 970513s1992 pl a f |001 0 pol | ||
| 015 | _aUWD 1992/9638 | ||
| 020 | _a8390033127 | ||
| 035 | _a991001511329705066 | ||
| 035 | _a(PL-WaBN)b10432589-48omnis_nlop | ||
| 035 | _ab10432589 | ||
| 035 | _a(OCoLC)749352379 | ||
| 035 | _a(PL)b0000001043258 | ||
| 035 | _a(EXLNZ-48OMNIS_NETWORK)9910043546905606 | ||
| 040 |
_aWA N _cWA N _dWA N _dKOSZ 005/EG |
||
| 041 | 1 |
_apol _hger |
|
| 080 | _a551.1 | ||
| 080 | _a551.7 | ||
| 080 | _a(02.025.2) | ||
| 245 | 0 | 0 |
_aKronika Ziemi / _c[oprac. całości zespół pod kier. Mariana B. Michalika ; oprac. redakcyjne tekstów zespół tł. z niem., red. pod kier. Bogdana Neya]. |
| 260 |
_aWarszawa : _b"Kronika", _c1992. |
||
| 300 |
_a576 s. : _bfot. (w tym kolor.), mapy, portr., rys., wykr. ; _c30 cm. |
||
| 336 |
_aTekst _btxt _2rdacontent |
||
| 337 |
_aBez urządzenia pośredniczącego _bn _2rdamedia |
||
| 338 |
_aWolumin _bnc _2rdacarrier |
||
| 380 | _aKsiążki | ||
| 388 | _a1901-2000 | ||
| 388 | _a1989-2000 | ||
| 504 | _aBibligr. s. 574-575. - Indeks. | ||
| 650 | 7 |
_aEwolucja _2DBN |
|
| 650 | 7 |
_aGeologia historyczna _2DBN |
|
| 650 | 7 |
_aKosmologia _2DBN |
|
| 650 | 7 |
_aPochodzenie życia _2DBN |
|
| 658 | _aGeografia i nauki o Ziemi | ||
| 700 | 1 |
_aMichalik, Marian B. _eOpracowanie |
|
| 700 | 1 |
_aNey, Bogdan _d(1935-2020) _eOpracowanie |
|
| 856 |
_uhttp://koha.tu.koszalin.pl/cgi-bin/koha/opac-detail.pl?biblionumber=29629 _yKatalog online BPK |
||
| 942 |
_2UKD _cKS |
||
| 999 |
_c29629 _d29629 |
||